Morph - Twenty One Pilots Lyrics - Statistics

General Stats
  • This quiz has been taken 10 times
  • The average score is 226 of 468
Answer Stats
Lyrics % Correct
if
88%
stop
88%
a
75%
and
75%
Verse 1 Can't
75%
else
75%
else
75%
else
75%
else
75%
For
75%
For
75%
For
75%
Verse 3 For
75%
I
75%
I
75%
I
75%
I'd
75%
'if'
75%
'if'
75%
if
75%
Chorus If
75%
Chorus If
75%
I'll
75%
I'll
75%
I'll
75%
I'll
75%
I'll
75%
know
75%
know
75%
know
75%
morph
75%
morph
75%
morph
75%
morph
75%
no
75%
no
75%
someone
75%
someone
75%
someone
75%
someone
75%
the
75%
the
75%
the
75%
they
75%
they
75%
they
75%
to
75%
to
75%
to
75%
to
75%
to
75%
to
75%
to
75%
to
75%
when
75%
who
75%
a
63%
a
63%
about
63%
'above'
63%
'above'
63%
'above'
63%
'above,'
63%
and
63%
and
63%
And
63%
and
63%
and
63%
And
63%
and
63%
and
63%
and
63%
And
63%
at
63%
but
63%
die
63%
else
63%
else
63%
else
63%
friends
63%
go
63%
He's
63%
hounded
63%
I'll
63%
I'll
63%
I'll
63%
I'm
63%
in
63%
is
63%
is
63%
is
63%
is
63%
is
63%
it
63%
it
63%
just
63%
keep
63%
keep
63%
know
63%
love,
63%
me,
63%
morph
63%
morph
63%
morph
63%
moving,
63%
moving,
63%
my
63%
Nicholas
63%
one
63%
or
63%
or
63%
remains
63%
sing
63%
someone
63%
someone
63%
someone
63%
still
63%
still
63%
stop
63%
surrounded,
63%
that
63%
that
63%
that
63%
that's
63%
There's
63%
they
63%
thinking
63%
this
63%
time,
63%
to
63%
to
63%
to
63%
try
63%
try
63%
'under'
63%
'under'
63%
until
63%
we
63%
we
63%
we
63%
Verse 2 We're
63%
we're
63%
'when'
63%
'when'
63%
when
63%
when
63%
won't
63%
won't
63%
a
50%
a
50%
a
50%
a
50%
always
50%
are
50%
Are
50%
'around'
50%
'around'
50%
at
50%
belief,
50%
blind
50%
But
50%
by
50%
close,
50%
copy
50%
Defense
50%
different
50%
else
50%
else
50%
else
50%
else
50%
else
50%
else
50%
else
50%
else
50%
else
50%
feel
50%
for
50%
For
50%
Verse 7 For
50%
ghost
50%
goes
50%
got
50%
He
50%
He
50%
him
50%
I
50%
I
50%
If
50%
if
50%
If
50%
If
50%
I'll
50%
Chorus I'll
50%
I'll
50%
I'll
50%
I'll
50%
Chorus I'll
50%
I'll
50%
I'll
50%
I'll
50%
I'll
50%
I'm
50%
I'm
50%
is
50%
just
50%
know
50%
know
50%
me
50%
miracle,
50%
mode
50%
morph
50%
morph
50%
morph
50%
morph
50%
morph
50%
morph
50%
morph
50%
morph
50%
morph
50%
Nico
50%
no
50%
no
50%
not
50%
Outro Not
50%
not
50%
not
50%
now
50%
other
50%
panic,
50%
possible
50%
purely
50%
question
50%
same?
50%
scientific
50%
see
50%
see
50%
sleeve
50%
slow
50%
someone
50%
someone
50%
someone
50%
someone
50%
someone
50%
someone
50%
someone
50%
someone
50%
someone
50%
sorrow
50%
take
50%
the
50%
the
50%
they
50%
they
50%
they
50%
they
50%
they
50%
this
50%
those
50%
throw
50%
to
50%
to
50%
to
50%
to
50%
to
50%
to
50%
to
50%
to
50%
to
50%
to
50%
to
50%
to
50%
to
50%
to
50%
to
50%
to
50%
today,
50%
told
50%
tomorrow
50%
too
50%
truly
50%
'under'
50%
When
50%
while
50%
wonder
50%
above
38%
'above'
38%
'above'
38%
'above'
38%
'above,'
38%
almost
38%
and
38%
and
38%
and
38%
and
38%
and
38%
and
38%
And
38%
and
38%
and
38%
and
38%
And
38%
at
38%
at
38%
Bourbaki
38%
But
38%
But
38%
cries
38%
Defense
38%
done,
38%
done,
38%
done
38%
Dun
38%
ghost
38%
go
38%
going
38%
hear
38%
Verse 4 He'll
38%
hounded
38%
hounded
38%
I'd
38%
Verse 6 I'm
38%
I'm
38%
I'm
38%
I'm
38%
I'm
38%
in
38%
invades
38%
is
38%
is
38%
is
38%
is
38%
it
38%
it
38%
Josh
38%
just
38%
just
38%
just
38%
keep
38%
keep
38%
let's
38%
love,
38%
me,
38%
me
38%
me,
38%
me
38%
mechanism
38%
mechanism
38%
me's
38%
mode
38%
most
38%
moving
38%
moving,
38%
my
38%
Ones
38%
Ones
38%
ones
38%
or
38%
or
38%
or
38%
pick
38%
remains
38%
sing
38%
slow
38%
spies
38%
starts
38%
still
38%
still
38%
surrounded,
38%
surrounded
38%
sword
38%
that
38%
that
38%
that's
38%
that's
38%
There's
38%
There's
38%
this
38%
throw
38%
time,
38%
time
38%
too
38%
try
38%
'under'
38%
'under'
38%
'under'
38%
until
38%
until
38%
we
38%
we
38%
we
38%
we
38%
we're
38%
we're
38%
What
38%
when
38%
when
38%
won't
38%
won't
38%
all
25%
Anybody
25%
are
25%
Are
25%
'around'
25%
'around'
25%
belief,
25%
blind
25%
Count
25%
Defense
25%
Defense
25%
feel
25%
ghost
25%
ghost
25%
ghost
25%
here
25%
him
25%
infinity,
25%
Bridge Lights
25%
listening?
25%
mechanism
25%
mechanism
25%
me's
25%
miracle,
25%
mock
25%
mode
25%
mode
25%
our
25%
possible
25%
question
25%
same?
25%
scientific
25%
see
25%
sleeve
25%
slow
25%
slow
25%
solemn
25%
stopped
25%
symphony
25%
take
25%
things
25%
throw
25%
throw
25%
too
25%
too
25%
Verse 5 Well
25%
What
25%
wonder
25%
zeros,
25%
zeros
25%
zeros
25%
blink
13%
door
13%
ergo
13%
going
13%
let's
13%
me's
13%
me's
13%
pick
13%
run
13%
secret
13%
starts
13%
straight
13%
sword
13%
through
13%
tormentors?
13%
transmitting
13%
What
13%
What
13%
What
13%
No matching quizzes found
Score Distribution
Percent of People with Each Score
Percentile by Number Answered
Your Score History
You have not taken this quiz